[Event "RUS-ch 54th"]
[Site "Elista"]
[Date "2001.04.30"]
[Round "1"]
[White "Smirnov, Pavel"]
[Black "Motylev, Alexander"]
[Result "0-1"]
[WhiteElo "2511"]
[BlackElo "2601"]
[Annotator "Huebner,R"]
[PlyCount "42"]
[EventDate "2001.04.29"]
[EventType "swiss"]
[EventRounds "9"]
[EventCountry "RUS"]
[SourceTitle "CBM 083"]
[Source "ChessBase"]
[SourceDate "2001.07.05"]
[SourceVersion "1"]
[SourceVersionDate "2001.07.05"]
[SourceQuality "1"]

1. d4 d5 2. c4 c6 3. Nc3 Nf6 4. e3 a6 5. Qc2 b5 6. b3 Bg4 7. Nge2 Nbd7 8. Nf4 (
8. h3 Bh5 9. Nf4 Bg6 10. Nxg6 hxg6 11. Be2 e6 12. O-O Rc8 13. Rd1 Bd6 14. Bf3
Nh7 15. e4 Ng5 16. Qe2 Bb4 17. Nb1 Nxf3+ 18. Qxf3 bxc4 19. bxc4 Nb6 20. exd5
cxd5 21. c5 Nc4 22. Bd2 Ba5 23. Bc3 {1/2-1/2 Savchenko,S-Belikov,V/RUS Army-ch
1995/CBM 48 (23)}) 8... e5 9. dxe5 Nxe5 10. h3 Be6 11. cxd5 $2 {Die Öffnung
der c-Linie sieht nicht richtig aus.} (11. Be2 Bd6 12. Bb2 O-O 13. O-O Ng6 14.
cxd5 cxd5 15. Nxe6 fxe6 16. Rac1 Rc8 17. Qd3 Bb8 18. a3 Qd6 19. g3 Rc6 20. Rc2
Ne5 21. Qd4 Qc7 22. Rfc1 Ba7 23. Qd2 (23. Qd1 {konnte zu einem schnellen Remis
führen:} Nc4 24. bxc4 Bxe3 25. fxe3 Qxg3+ $11) 23... Rc8 24. Qd1 Qf7 (24... Nc4
{kommt auch jetzt in Betracht, denn nach} 25. bxc4 Bxe3 26. fxe3 Qxg3+ {
scheitert} 27. Kf1 {an} Ng4 {, und Schwarz gewinnt.}) 25. Bf1 ({Ich sehe keine
Einwände gegen den Bauerngewinn} 25. Nxd5 {Nach} Nxd5 (25... exd5 26. Bxe5 Ne4
27. Rxc6 {genügt nicht.}) 26. Bxe5 Nxe3 27. Rxc6 {muß Schwarz aufgeben.}) 25...
Qg6 26. Bg2 Kh8 (26... Nd3 {läßt wieder} 27. Nxd5 {zu. Deshalb nimmt Schwarz
dem Weißen die Möglichkeit, Sd5-e7 mit Schach auszuführen.}) 27. Rd2 h5 28. Qe2
({Die Fortsetzung} 28. Ne2 Rxc1 29. Nxc1 {hätte dem Weißen ein vollkommen
befriedigendes Spiel gewährt.}) 28... Ne4 29. Nxe4 Rxc1+ 30. Bxc1 Rxc1+ 31. Kh2
dxe4 ({Die Fortsetzung} 31... Bb6 32. Rc2 {Nach anderen Fortsetzungen behält
Schwarz ohne weiteres Vorteil.} Rxc2 33. Qxc2 dxe4 34. Qc8+ Kh7 35. Qb7 Nf3+
36. Bxf3 exf3 37. Qxb6 Qc2 38. e4 Qxe4 {bot dem Schwarzen ausgezeichnete
Gewinnaussichten.}) 32. Rd8+ (32. Bxe4 {führte zum sofortigen Gewinn für Weiß:}
Ng4+ (32... Rh1+ 33. Bxh1 $18) (32... Qe8 33. Qxh5+ Qxh5 34. Rd8+ {nebst matt.}
) 33. Qxg4 hxg4 (33... Qxg4 34. Rd8#) 34. Bxg6 Rc8 35. hxg4 {mit mühelosem
Sieg.}) 32... Kh7 33. Bxe4 Ng4+ {0-1 Popov,V-Kobalija,M/Moscow 1999/CBM 75/
[Huebner,R] (33).}) 11... cxd5 12. Nxe6 fxe6 13. f4 $2 {Dies ist ein
Selbstmordversuch, der glückt.} (13. Qb2 Rc8 14. a3 {ist nicht schön vermeidet
aber sofortigen Verlust.}) 13... Rc8 14. Qb2 d4 15. Nxb5 ({Oder} 15. exd4 Bb4
16. Bd2 Qxd4 17. Rc1 Nh5 {, und Schwarz gewinnt.}) 15... Ne4 16. Qxd4 Qh4+ 17.
Ke2 Qf2+ 18. Kd1 Qc2+ 19. Ke1 Bc5 20. Nd6+ Bxd6 21. fxe5 Bb4+ 0-1

[Event "RUS-Cup02"]
[Site "Moscow"]
[Date "1998.??.??"]
[Round "1"]
[White "Rustemov, Alexander"]
[Black "Stepovoj, Vladimir"]
[Result "1-0"]
[WhiteElo "2575"]
[BlackElo "2325"]
[Annotator "Huebner,R"]
[PlyCount "83"]
[EventDate "1998.01.21"]
[EventType "swiss"]
[EventRounds "9"]
[EventCountry "RUS"]
[SourceTitle "CBM 063"]
[Source "ChessBase"]
[SourceDate "1998.03.26"]
[SourceVersion "1"]
[SourceVersionDate "1998.03.26"]
[SourceQuality "1"]

1. d4 d5 2. c4 c6 3. Nc3 e5 4. e3 e4 5. Qb3 Nf6 6. Bd2 Be7 7. f3 (7. Nh3 b6 8.
cxd5 cxd5 9. Nf4 Bb7 10. Bb5+ Kf8 11. Be2 g6 12. f3 Nc6 13. fxe4 Na5 14. Qd1
dxe4 15. O-O Kg7 16. Rc1 $14 {1-0 Shaked,T-Morozevich,A/WchJM U20 1997 (94)})
7... O-O 8. fxe4 Nxe4 9. Nxe4 dxe4 10. Ne2 Qb6 11. Nc3 Bf5 12. Be2 Nd7 13.
O-O-O Qxb3 14. axb3 Bd6 15. g4 Bg6 16. h4 h6 17. Rdg1 Rae8 18. c5 Bc7 19. b4 a6
20. Be1 Kh8 21. g5 Bh7 22. Bg3 Bxg3 23. Rxg3 f5 24. Kd2 Rd8 25. Rhg1 f4 26.
exf4 Rxf4 27. h5 hxg5 28. Rxg5 Rf7 29. Ke3 Nf6 30. Rd1 Rfd7 31. Re5 Bg8 32.
Nxe4 Bb3 33. Rf1 Nxe4 34. Rxe4 Bc2 35. Ref4 Kh7 36. Kd2 Re7 37. Bc4 Ba4 38.
Bd3+ Kh6 39. Rg4 Kxh5 $2 ({Nach} 39... Bb5 {hat Schwarz ausgezeichnete
Remisaussichten.}) 40. Rg2 Rxd4 41. Rh1+ Rh4 42. Rg6 {Ich vermute, daß Weiß in
Wirklichkeit 42.Lg6+ gespielt hat.} 1-0

[Event "Novgorod"]
[Site "Novgorod"]
[Date "1997.06.11"]
[Round "1"]
[White "Bareev, Evgeny"]
[Black "Short, Nigel D"]
[Result "1-0"]
[WhiteElo "2665"]
[BlackElo "2690"]
[Annotator "Huebner,R"]
[PlyCount "77"]
[EventDate "1997.06.11"]
[EventType "tourn"]
[EventRounds "10"]
[EventCountry "RUS"]
[EventCategory "19"]
[SourceTitle "CBM 060"]
[Source "ChessBase"]
[SourceDate "1997.09.29"]
[SourceVersion "1"]
[SourceVersionDate "1997.09.29"]
[SourceQuality "1"]

1. d4 d5 2. c4 c6 3. Nc3 Nf6 4. e3 a6 5. b3 Bf5 6. Bd3 Bg6 7. Nf3 e6 8. O-O
Nbd7 9. Qc2 b5 $6 ({Mit} 9... Bb4 {kann Schwarz darum kämpfen, das Feld e4
unter Kontrolle zu behalten. Nach} 10. Bd2 {hat Schwarz verschiedene
Möglichkeiten:} a5 {kommt auch in Betracht. Vgl. E. Bareev, "New in Chess" 5/
1997, S.21.} (10... O-O {ist nicht empfehlenswert:} 11. Nxd5 Nxd5 12. cxd5 Bxd2
(12... Bxd3 13. Qxd3 Bxd2 14. dxc6 $18) 13. Bxg6 (13. dxc6 Bxe3 14. fxe3 Rc8 {
ist weniger kräftig.}) 13... hxg6 14. dxe6 {und Weiß gewinnt.}) (10... Bxc3 11.
Bxc3 O-O {mit ungefähr ausgeglichener Stellung.})) 10. Bxg6 hxg6 11. e4 dxc4 {
Schwarz hat andere Möglichkeiten:} (11... dxe4 12. Nxe4 Nxe4 (12... Be7 13.
Neg5 $16 {Der Druck des Springers auf die weißen Felder ist sehr unangenehm
für Schwarz.}) 13. Qxe4 Rc8 14. Qe2 {mit einigem Vorteil für Weiß.}) (11... Bb4
12. exd5 (12. e5 Bxc3 13. Qxc3 Ne4 14. Qd3 bxc4 15. bxc4 Nb6 {führt zu gutem
Spiel für Schwarz.}) 12... exd5 (12... cxd5 13. c5 O-O 14. Bf4 {ist günstig
für Weiß.}) 13. Re1+ Kf8 14. Bd2 {mit besserem Spiel für Weiß; Sf3-e5 zur
rechten Zeit ist unangenehm für Schwarz.}) (11... b4 12. exd5 cxd5 (12... bxc3
13. dxe6 $16 {kommt nicht für Schwarz in Betracht;}) (12... exd5 13. Ne2 Be7
14. c5 O-O 15. Bd2 a5 16. a3 $16 {Schwarz hat Probleme mit der Verteidigung
seiner Damenflügelbauern.}) 13. Ne2 dxc4 {Sonst folgt wieder 14.c5 nebst
Angriff auf b4.} 14. bxc4 Be7 15. a3 a5 16. Bd2 $14 {E. Bareev, "New in Chess"
5/1997, S.21.}) 12. bxc4 bxc4 13. Qa4 {Laut E. Bareev (loc. cit.) war} (13. Rb1
{viel stärker. Auf} Qc7 ({Nach} 13... c5 14. d5 exd5 15. e5 Ng4 16. Nxd5 {
wird die Stellung des Schwarzen rasch zusammenbrechen;}) {folgt nach Bareev}
14. g3 {nebst Lc1-f4, doch kann Schwarz hier vielleicht} Qa5 {nebst Da5-h5
versuchen.}) 13... Be7 $2 ({Mit} 13... Qc7 14. Qxc4 ({Nach} 14. Rb1 Nb6 15. Qa5
Nbd5 16. Qxc7 Nxc7 17. a4 {Es drohte 17...Sb5.} a5 {hat Weiß keinen Vorteil.})
14... c5 {drohend 15...Ld6 16.e5 cd4:, konnte Schwarz ausgleichen: E. Bareev,
"New in Chess" 5/1997, S.21.}) 14. Qxc6 Qc8 15. Qa4 {Jetzt stellt der Bauer
des Schwarzen auf c4 eine unangenehme Schwäche dar.} O-O ({Nach} 15... Rb8 16.
Ba3 Bxa3 17. Qxa3 {kommt Schwarz nicht mehr zur Rochade.}) 16. Rb1 Qc7 (16...
Rb8 17. Rxb8 Nxb8 18. Bg5 {ist sehr unerfreulich für Schwarz.}) 17. Bg5 Rfe8 {
Schwarz muß sich gegen die Drohung 18.e5 verteidigen.} (17... Nb6 18. Qa5 (18.
Rxb6 Qxb6 19. e5 Qb4 20. exf6 gxf6 21. Bd2 $14 {wird von Bareev angegeben,
scheint mir aber viel schwächer zu sein.}) 18... Bd8 (18... Rab8 19. e5 $18) (
18... Nbd5 19. Qxc7 Nxc7 20. Rb7 Bd8 (20... Rfc8 21. e5 $18) 21. a4 $18) 19.
Rfc1 {mit entscheidendem Druck.}) 18. Rfc1 Bf8 19. g3 {So nimmt Weiß das Feld
b8 unter Kontrolle und verhindert, daß sich Schwarz durch Turmtausch entlasten
kann.} Rec8 {Bareev ("New in Chess" 5/1997, S.22) hält} (19... Nb6 {für
stärker und gibt folgende Variante an:} 20. Qa5 Nbd5 21. Qxc7 Nxc7 22. e5 $1
Nfd5 23. Ne4 Nb5 24. a4 Na3 25. Ra1 Reb8 26. Nfd2 {mit Bauerngewinn.} (26. Nd6
Bxd6 27. exd6 Rb3 28. Nd2 Rd3 29. Nxc4 Nxc4 30. Rxc4 f6 $13) (26. Nc5 Bxc5 27.
dxc5 Rb3 28. Nd2 Rd3 29. Nxc4 Nxc4 30. Rxc4 f6 $13 {schätzt er als unklar ein.}
) {Ich bin aber gar nicht sicher, daß Weiß nach} 26... Rb2 27. Nxc4 Nxc4 28.
Rxc4 Rab8 {einen zum Gewinn ausreichenden Vorteil hat. Der Zug 22.e5 gefällt
mir nicht und verdient meines Erachtens das Ausrufezeichen nicht. Ich halte 22.
a4 für stärker; Schwarz kann den Bauern auf c4 auf die Dauer doch nicht halten,
und Weiß braucht das Feld d5 nicht zu opfern.}) 20. Bf4 Qc6 ({Nach} 20... Qd8
21. Rb7 {mangelt es dem Schwarzen an sinnvollen Zügen (E. Bareev).}) 21. Qxc6
Rxc6 22. Rb7 Rd8 (22... Rb6 23. Rc7 Ba3 24. Rc2 Rb2 25. Rxb2 Bxb2 26. Na4 $18 {
E. Bareev, New in Chess, loc. cit.}) 23. Bc7 Rc8 24. Ba5 Ba3 25. Rd1 Rb8 (25...
e5 26. d5 (26. dxe5 Nc5 $13) (26. Nxe5 Nxe5 27. dxe5 Ng4 $13) 26... Rc5 27. Bb6
Nxb6 28. Rxb6 {dürfte dem Schwarzen keine Rettung bringen, obwohl es
vielleicht zäher war.}) 26. Rdb1 Rcc8 ({Auch nach} 26... Rxb7 27. Rxb7 Nf8 28.
Ne5 {ist die Stellung des Schwarzen hoffnungslos.}) 27. e5 $18 Nd5 28. Rxd7
Rxb1+ 29. Nxb1 Bb2 30. Ng5 c3 (30... Bxd4 31. Na3 c3 32. Nc2 Bxe5 33. Nxf7 {
Dies scheint mir einfacher als Bareevs 33.Td8+.} Bf6 34. Nd6 {und Weiß gewinnt.
}) 31. Nxc3 Bxc3 32. Bxc3 Nxc3 33. Nxf7 Nxa2 34. Nd6 Rc1+ 35. Kg2 Nb4 36. Rd8+
Kh7 37. Nf7 g5 38. Nxg5+ Kg6 39. Nxe6 1-0

[Event "RUS-Cup9"]
[Site "Novgorod"]
[Date "1997.06.19"]
[Round "7"]
[White "Shcherbakov, Ruslan"]
[Black "Volkov, Sergey"]
[Result "1-0"]
[WhiteElo "2580"]
[BlackElo "2480"]
[Annotator "Huebner,R"]
[PlyCount "101"]
[EventDate "1997.06.11"]
[EventType "swiss"]
[EventRounds "9"]
[EventCountry "RUS"]
[SourceTitle "CBM 060"]
[Source "ChessBase"]
[SourceDate "1997.09.29"]
[SourceVersion "1"]
[SourceVersionDate "1997.09.29"]
[SourceQuality "1"]

1. d4 d5 2. c4 c6 3. Nc3 Nf6 4. e3 a6 5. Bd3 Bg4 6. Nge2 e6 7. Qc2 dxc4 {
Schwarz geht in einen Stellungstyp über, wie er aus dem Angenommenen
Damengambit bekannt ist. Mit der Fortsetzung} (7... Bxe2 8. Bxe2 dxc4 9. Bxc4
c5 {konnte dieselbe Idee verwirklicht werden. Schwarz hat in der Folge
keinerlei Schwierigkeiten, so daß die Idee gesund erscheint.}) 8. Bxc4 c5 9.
dxc5 Bxc5 10. Ng3 Nc6 11. h3 Bh5 12. Nxh5 Nxh5 13. O-O O-O 14. Rd1 Qe7 15. Ne4
Ba7 $6 (15... Bb6 {war vorsichtiger.}) 16. b3 $6 (16. Bxa6 Nb4 17. Qe2 bxa6 18.
a3 {führte zu Bauerngewinn.}) 16... Bb8 17. f4 $6 {Dieser Zug trifft nicht
meinen Geschmack.} (17. Bb2 Be5 {führt zu einer ausgeglichenen Stellung.})
17... Ba7 18. Kh2 Rfd8 19. Ng5 Nf6 20. Qe2 Rxd1 21. Qxd1 h6 22. Nf3 Rd8 23. Qe1
b5 24. Bf1 Qc5 ({Nach} 24... e5 25. Bb2 (25. a4 bxa4 26. Rxa4 exf4 {sieht
vorteilhaft für Schwarz aus.}) 25... e4 26. Ne5 (26. Nh4 $5 {entsteht ein
zweischneidiges Spiel.})) 25. a4 Nd5 ({Einfacher war} 25... Ne4 {mit bequemem
Spiel für Schwarz.}) 26. axb5 axb5 27. e4 Nc3 $2 ({Richtig war} 27... Ne3 {Nach
} 28. Bxe3 Qxe3 {entsteht eine ausgeglichene Stellung; die Fortsetzung} 29.
Bxb5 Qxf4+ 30. Kh1 Nd4 {braucht Schwarz nicht zu fürchten.}) 28. Bd2 $2 (28. b4
{gewann Material.}) 28... b4 29. Rc1 Nd4 30. Nxd4 Qxd4 31. Bxc3 bxc3 32. Rxc3
g5 33. fxg5 (33. Bc4 {war sicherer, doch scheint die Initiative des Schwarzen
auch nach dem Textzug nicht zum Gewinn zu genügen.}) 33... Qg1+ 34. Kg3 hxg5
35. Rf3 Qd4 {Auch andere Fortsetzungen führen nicht zum Gewinn:} (35... f5 36.
exf5 Bb8+ 37. Kg4 Qd4+ 38. Kh5 Qh8+ 39. Kxg5 {Die Gegendrohungen des Weißen
sind zu stark (40.De6:+), so daß Schwarz nicht mehr als Dauerschach hat.}) (
35... Bb8+ 36. Kg4 f5+ 37. Kxg5 Qa7 38. Qc3 (38. exf5 Qg7+ {leitet in die oben
angeführte Variante über}) 38... Qe7+ 39. Qf6 Qxf6+ 40. Kxf6 fxe4 41. Ke7 {
führt ebenfalls zum Remis.}) 36. Kh2 g4 {Dies ist ein interessanter
Gewinnversuch: Schwarz öffnet die h-Linie. Zum Erzwingen des Sieges genügt die
Idee jedoch nicht.} (36... Qg1+ {führt zum Remis wie oben ausgeführt.}) 37.
hxg4 Qg1+ (37... Kg7 38. Bc4 {fruchtet nichts; jetzt ist das Feld g1 gedeckt,
und} Rh8+ {wird mit} 39. Rh3 {pariert.}) 38. Kg3 Kg7 $2 ({Nach} 38... Bb8+ 39.
e5 (39. Kh4 Qh2+ 40. Rh3 (40. Kg5 Kg7 {ist ebenfalls hoffnungslos für Weiß.})
40... Kg7 41. Rxh2 Rh8+ 42. Kg5 f6# {ist fatal für Weiß.}) 39... Rd5 40. Re3
Rd1 (40... Rxe5 41. Rxe5 Qd4 42. Bc4 Bxe5+ 43. Kh3 {gefolgt von g2-g3 führt
zum Remis.}) 41. Qxd1 Qxe3+ 42. Kh4 Qh6+ 43. Kg3 Qf6 44. g5 Qxe5+ 45. Kg4 Qf4+
46. Kh5 {kann Schwarz nicht gewinnen. Der Textzug bringt ihn jedoch in
Verlustgefahr.}) 39. Qc3+ Bd4 $2 (39... Qd4 40. Qxd4+ Rxd4 {bot wesentlich
bessere Verteidigungsaussichten.}) 40. Qc7 Rd7 41. Qf4 f6 42. g5 $18 Kg6 43.
gxf6 Rh7 44. Kg4 Kf7 45. Qc7+ Kg6 46. Qd8 Rh4+ 47. Kxh4 Qh2+ 48. Kg4 Qh5+ 49.
Kg3 Qe5+ 50. Rf4 Bf2+ 51. Kf3 1-0

[Event "RUS-chT 05th"]
[Site "Maikop"]
[Date "1998.06.11"]
[Round "9"]
[White "Malaniuk, Vladimir P"]
[Black "Morozevich, Alexander"]
[Result "1-0"]
[WhiteElo "2600"]
[BlackElo "2590"]
[Annotator "Huebner,R"]
[PlyCount "31"]
[EventDate "1998.06.03"]
[EventType "team-tourn"]
[EventRounds "11"]
[EventCountry "RUS"]
[SourceTitle "CBM 066"]
[Source "ChessBase"]
[SourceDate "1998.09.30"]
[SourceVersion "1"]
[SourceVersionDate "1998.09.30"]
[SourceQuality "1"]
[WhiteTeam "Maykop Universitet"]
[BlackTeam "Tomsk 400"]
[WhiteTeamCountry "RUS"]
[BlackTeamCountry "RUS"]

1. d4 d5 2. c4 c6 3. e3 Bf5 4. Qb3 Qc7 5. cxd5 cxd5 6. Bb5+ Nd7 7. Bd2 e6 8.
Nf3 Ne7 9. O-O Nc6 10. Rc1 Rc8 11. a3 Bg4 12. Ne1 Ndb8 13. h3 Bh5 14. Nd3 b6 $2
(14... Bd6 $6 15. Bb4 O-O 16. Bxd6 Qxd6 17. Bxc6 $16) (14... Be7 15. Bb4 O-O
$14) 15. Ne5 Qb7 16. Nxc6 (16. Nxc6 Nxc6 17. Qa4 Kd7 18. Ba6 $18) 1-0

[Event "USA-ch"]
[Site "San Diego"]
[Date "2004.12.04"]
[Round "9"]
[White "Kaidanov, Gregory S"]
[Black "Gonzalez, Renier"]
[Result "1-0"]
[WhiteElo "2611"]
[BlackElo "2428"]
[Annotator "Huebner,R"]
[PlyCount "95"]
[EventDate "2004.11.24"]
[EventType "swiss"]
[EventRounds "9"]
[EventCountry "USA"]
[SourceTitle "CBM 105"]
[Source "ChessBase"]
[SourceDate "2005.04.11"]
[SourceVersion "1"]
[SourceVersionDate "2005.04.11"]
[SourceQuality "1"]

1. d4 d5 2. c4 c6 3. Nc3 dxc4 4. e3 b5 5. a4 b4 6. Ne4 Nf6 7. Nxf6+ exf6 8.
Bxc4 Bd6 9. Qc2 O-O 10. Nf3 a5 (10... Qc7 11. Bd3 h6 12. e4 c5 13. Be3 cxd4 14.
Qxc7 Bxc7 15. Nxd4 Rd8 16. O-O-O Bb6 17. Nc2 Bxe3+ 18. Nxe3 Bb7 19. Bc4 Rc8 20.
f3 Ba6 21. b3 Bxc4 22. Nxc4 $16 {1-0 Vallejo Pons,F-Felgaer,R/Mallorca 2004/
CBM 104 no vc (75). (74)}) 11. Bd3 h6 12. O-O Bb7 (12... Qc7 13. Bd2 Bb7 $6 (
13... Be6 $5) 14. Rac1 Nd7 15. h3 Rfc8 16. Nh4 c5 17. Qd1 Ba6 18. Bxa6 Rxa6 19.
Nf5 Bf8 20. e4 Qb7 21. d5 c4 22. Qe2 Nb6 23. Ra1 Re8 24. Rfe1 Raa8 25. Bxh6 {
1-0 Radjabov,T-Eliet,N/France 2004/CBM 098 ext (25).}) 13. e4 Nd7 14. Nh4 Qc7
15. f4 Rfe8 16. e5 $6 (16. Nf5 {sieht natürlicher aus.}) 16... Bf8 17. Qe2 $2 {
Es gibt für Weiß keinen Grund, seinen Angriff derartig zu überstürzen.} (17.
Be3 c5 18. Rac1 {ist solider.}) 17... c5 {Jetzt fällt das Zentrum des Weißen
auseinander.} 18. Qh5 (18. Qg4 cxd4 19. Nf5 g6 20. Nxd4 Bc5 21. Be3 h5 22. Qg3
fxe5 23. Nb5 Qb6 {führt ebenfalls zu einer Verluststellung für Weiß.}) 18...
cxd4 19. Nf5 ({Die Fortsetzung} 19. Qf5 g6 20. Nxg6 fxg6 21. Qxg6+ Bg7 22. Qh7+
Kf8 {ist nicht ausreichend für Weiß. Sein Angriff dringt nicht durch: der
Damenflügel des Weißen schlummert noch, und Dc7-c6 schafft Gegenspiel.}) 19...
Nc5 $2 {Ich sehe keinen Grund dafür, auf das Verdauen eines zweiten wichtigen
Bauern mit} (19... fxe5 {zu verzichten.}) 20. Bc4 Ne6 21. b3 Qd8 $2 ({Mit} 
21... fxe5 22. fxe5 Ba6 {kann Schwarz die aktivste Figur des Gegners
abtauschen. Die übrigen Figuren können nicht genügende Drohungen schaffen.})
22. Nxh6+ gxh6 23. f5 {Jetzt hat Weiß schon einen sehr gefährlichen Angriff.}
Bd5 24. fxe6 Rxe6 25. Bd3 Rxe5 26. Qg4+ Kh8 27. Bf4 Bg7 28. Bxe5 fxe5 29. Qf5
Kg8 ({Besser ist} 29... Qg8 {, denn nun kann} 30. Be4 {mit} Be6 {beantwortet
werden.}) 30. Qh7+ Kf8 31. Be4 Bxb3 $4 ({Nach} 31... Rc8 {dürfte Schwarz immer
noch besser stehen.}) 32. Bxa8 $18 Qxa8 33. Rf3 Qd5 34. Rg3 Bf6 35. Qxh6+ Ke7
36. Rf1 Qd6 37. Rgf3 d3 38. Rxf6 Qd4+ 39. R6f2 e4 40. Re1 Bd5 41. Qe3 Qxe3 42.
Rxe3 Ke6 43. Rd2 Kd6 44. h4 f5 45. h5 f4 46. Rh3 Bg8 47. g3 f3 48. Kf2 1-0

[Event "North Sea Cup 15th"]
[Site "Esbjerg"]
[Date "2000.07.08"]
[Round "2"]
[White "Hansen, Lars Bo"]
[Black "De Vreugt, Dennis"]
[Result "1-0"]
[WhiteElo "2562"]
[BlackElo "2511"]
[Annotator "Huebner,R"]
[PlyCount "45"]
[EventDate "2000.07.07"]
[EventType "tourn"]
[EventRounds "9"]
[EventCountry "DEN"]
[EventCategory "14"]
[SourceTitle "CBM 078"]
[Source "ChessBase"]
[SourceDate "2000.10.18"]
[SourceVersion "1"]
[SourceVersionDate "2000.10.18"]
[SourceQuality "1"]

1. d4 d5 2. c4 c6 3. Nc3 Nf6 4. e3 a6 5. Qc2 g6 6. Bd3 Bg7 7. Nf3 O-O 8. O-O
Bg4 9. Ne5 Be6 10. b3 b5 {Die Schwächung des Punktes c6 ist in der
gegenwärtigen Stellung riskant. Solider ist} (10... Nbd7 11. Nxd7 Nxd7 12. Bb2
Rc8 $11 {1-0 Ftacnik,L-Agdestein,S/Germany 1999/EXT 2000 (43)}) 11. Ba3 Nfd7 $2
(11... dxc4 12. bxc4 Nfd7 {war nötig.}) 12. Nxc6 Nxc6 13. cxd5 Nxd4 14. exd4
Bg4 15. h3 Bxh3 $2 ({Nur die Fortsetzung} 15... Bxd4 16. hxg4 Rc8 17. Qe2 Bxc3
18. Bxe7 Qb6 {war geeignet, den Widerstand zu verlängern.}) 16. gxh3 Bxd4 17.
Rac1 Rc8 18. Qd2 Qa5 19. Nb1 Qb6 20. Bxe7 Rxc1 21. Rxc1 Re8 22. d6 Nf6 23. Nc3
1-0

[Event "RUS-chT 05th"]
[Site "Maikop"]
[Date "1998.06.07"]
[Round "5"]
[White "Dyachkov, Sergej"]
[Black "Morozevich, Alexander"]
[Result "0-1"]
[WhiteElo "2510"]
[BlackElo "2590"]
[Annotator "Huebner,R"]
[PlyCount "60"]
[EventDate "1998.06.03"]
[EventType "team-tourn"]
[EventRounds "11"]
[EventCountry "RUS"]
[SourceTitle "CBM 066"]
[Source "ChessBase"]
[SourceDate "1998.09.30"]
[SourceVersion "1"]
[SourceVersionDate "1998.09.30"]
[SourceQuality "1"]
[WhiteTeam "Saratov GShK"]
[BlackTeam "Tomsk 400"]
[WhiteTeamCountry "RUS"]
[BlackTeamCountry "RUS"]

1. d4 d5 2. c4 c6 3. e3 Bf5 4. Qb3 Qc7 5. cxd5 cxd5 6. Nc3 e6 7. e4 {Ich habe
einen Vorgänger zun diesem Versuch gefunden, der unten zitiert wird. Das Opfer
ist schwerlich genügend.} Bxe4 8. Bf4 Qb6 9. Qxb6 $2 (9. f3 Bg6 10. Nb5 Na6 11.
Rc1 Kd8 12. h4 f6 13. Kf2 Rc8 14. Rxc8+ Kxc8 15. Be2 e5 16. Be3 exd4 17. Nxd4
Qxb3 18. axb3 Nc7 19. Nh3 Bd6 {geschah in der Partie Gurevich,D-Kogan,B/USA-ch
1984/1-0 (58). Auch dieses Beispiel dient nicht dazu, dem Zug 7.e4
Überzeugungskraft zu verleihen. Der Textzug ist allerdings noch viel schlaffer:
Schwarz behält ohne Weiteres einen Mehrbauern im Endspiel.}) 9... axb6 10. Bxb8
Rxb8 11. Bb5+ Kd8 12. Nxe4 dxe4 13. Ne2 Bb4+ 14. Nc3 Rc8 15. Rc1 Nf6 16. Ke2
Bxc3 17. bxc3 Ke7 18. c4 h5 19. h3 h4 20. Ke3 Rh5 21. a4 Rg5 22. Rhg1 Rf5 23.
Rgf1 g5 24. f3 Rf4 25. Ra1 exf3 26. gxf3 Nh5 27. Rfd1 Ng3 28. d5 Nf5+ 29. Kf2
Nd4 30. Ra3 e5 0-1